000 00498nmm a2200169Ia 4500
008 251105s9999||||xx |||||||||||||||||und||
020 _a9789587387254
041 _aspa
100 _aOrtega Martínez, María Liliana
245 0 _aMedicamentos simples para males graves
264 _a[Bogotá, Colombia] :
_bUniversidad del Rosario,
_c2012
300 _a174 páginas
490 _aÓpera Prima
650 _aMedicine
856 _uhttps://public.digitaliapublishing.com/a/46407
942 _cCF
999 _c95849
_d95849